000
00337nam a2200133Ia 4500
008
231017s9999 xx 000 0 und d
082
_a
621.8
082
_b
CUN
245
4
_a
The Costs of Maintaining and Repairing Vehicles in Developing Countries
245
0
_c
M A Cundill
260
_b
M A Cundill
300
_c
30cm
942
_c
REP
999
_c
603984
_d
603984